Loading...
| Literature - American Literature | 1 | 7 | 0 | 1 | 85 | 74 | 117.88 | 0 | 2 |
| Literature - European Literature | 2 | 5 | 0 | 0 | 80 | 52 | 118.71 | 1 | 3 |
| Literature - British Literature | 0 | 6 | 4 | 0 | 40 | 95 | 128.83 | 0 | 1 |
| Literature - World Literature | 0 | 4 | 1 | 1 | 35 | 116 | 143.25 | 0 | 0 |
| Fine Arts - Other Arts | 0 | 3 | 0 | 3 | 30 | 138 | 143.33 | 0 | 0 |
| History - European History | 0 | 4 | 2 | 1 | 30 | 104 | 130.50 | 0 | 2 |
| History - Other History | 0 | 3 | 0 | 0 | 30 | 121 | 127.33 | 0 | 0 |
| Fine Arts - Painting and Sculpture | 1 | 3 | 4 | 0 | 25 | 77 | 95.25 | 1 | 3 |
| History - World History | 0 | 2 | 0 | 1 | 20 | 142 | 144.00 | 0 | 0 |
| Other Culture | 0 | 1 | 0 | 0 | 10 | 129 | 129.00 | 0 | 0 |
| Other Science (Astronomy) | 0 | 1 | 0 | 0 | 10 | 122 | 122.00 | 0 | 0 |
| Mythology | 0 | 2 | 2 | 1 | 10 | 125 | 134.50 | 0 | 0 |
| Philosophy | 0 | 1 | 0 | 1 | 10 | 156 | 156.00 | 0 | 0 |
| Science - Chemistry | 0 | 1 | 0 | 0 | 10 | 121 | 121.00 | 0 | 0 |
| Religion | 0 | 0 | 0 | 0 | 0 | 0.00 | 0 | 0 | |
| Science - Biology | 0 | 0 | 0 | 0 | 0 | 0.00 | 0 | 0 | |
| Geography | 0 | 0 | 1 | 0 | -5 | 0.00 | 0 | 0 | |
| Science - Physics | 0 | 0 | 1 | 0 | -5 | 0.00 | 0 | 0 |